000 00970nam a2200301 4500
001 0000019658
003 CO-CtgCURN
005 20250331185157.0
007 ta
008 160627s2000 000 0 eng d
020 _a9701025296
040 _aCO-CtgCURN
_bspa
_ccoctgcurn
082 0 _a615.1
_bZ87m
110 2 _aInstituto Nacional de la Nutricion Salvador Zubiran.
245 1 0 _aManual de terapeutica medica y procedimientos de urgencias.
250 _a4a. Ed.
260 _aMexico :
_bMcGraw-Hill Interamericana,
_c2000.
300 _axlix, 1105 p.
336 _2rdacontent
337 _2rdamedia
_asin mediacion
_bn
338 _2rdacarrier
_avolumen
_bnc
500 _aIncluye indice.
505 8 _aTerapeutica medica -- Procedimientos diagnosticos y terapeuticos -- Anexos
650 1 4 _aTerapeutica
_vManuales.
908 _a160627
942 _cBK
_h615.1
_iZ87m
_2ddc
999 _c22061
_d22061